000 00701nam a22002417a 4500
005 20160125085645.0
008 111012s2012 nyua 001 0 eng
020 _a9780071768856 (alk. paper)
020 _a0071768858
041 0 _aeng
080 _a004
100 1 _aMcLaughlin, Michael,
_cD.CS.
245 1 0 _aOracle database 11g & MySQL 5.6 developer handbook /
_cMichael McLaughlin.
260 _aNew York :
_bMcGraw-Hill,
_c2012.
300 _a578 f. :
_bme il.;
_c24 cm.
505 _aIndex: f. 555 - 578
630 0 0 _aOracle (Computer file)
630 0 0 _aMySQL (Electronic resource)
650 0 _aKompjuterat
650 0 _aOrganizimi
650 0 _aBaza e të dhënave
942 _2udc
_cBK
999 _c572
_d572